Le roman de Julie Papineau; T1 La tourmente
Guardat en:
| Autor principal: | |
|---|---|
| Format: | Llibre |
| Idioma: | Undetermined |
| Publicat: |
Canada
Québec
1999
|
| Matèries: | |
| Etiquetes: |
Afegir etiqueta
Sense etiquetes, Sigues el primer a etiquetar aquest registre!
|
| Thư viện lưu trữ: | Trung tâm Học liệu Trường Đại học Cần Thơ |
|---|
| LEADER | 00556nam a2200193Ia 4500 | ||
|---|---|---|---|
| 001 | CTU_41279 | ||
| 008 | 210402s9999 xx 000 0 und d | ||
| 082 | |a 843.54 | ||
| 082 | |b L132/T1 | ||
| 100 | |a Micheline Lachance | ||
| 245 | 0 | |a Le roman de Julie Papineau; T1 | |
| 245 | 0 | |b La tourmente | |
| 245 | 0 | |c Micheline Lachance | |
| 260 | |a Canada | ||
| 260 | |b Québec | ||
| 260 | |c 1999 | ||
| 650 | |a canadian fiction - 20th century ( french ) | ||
| 904 | |i Nguyễn Quang Điền, 010517 | ||
| 980 | |a Trung tâm Học liệu Trường Đại học Cần Thơ | ||